King of my Heart- taylor swift lyrics - Statistics

General Stats
  • This quiz has been taken 1,308 times
  • The average score is 243 of 315
Answer Stats
Answer % Correct
a
99%
I
99%
my
99%
My
99%
of
99%
on
97%
you
96%
And
93%
and
93%
King
93%
me
93%
the
91%
The
91%
heart
90%
Heart
90%
I'm
89%
we
89%
all
88%
So
88%
body
87%
soul
86%
to
84%
up
84%
Up
84%
are
83%
like
83%
own
83%
fine
82%
perfectly
82%
in
81%
live
81%
beat
80%
for
80%
have
80%
your
80%
Your
80%
baby
79%
Baby
79%
been
79%
one
79%
waiting
79%
alone
78%
better
77%
ago
76%
American
76%
off
76%
Queen
76%
at
75%
being
75%
few
75%
met
75%
weeks
75%
is
74%
Is
74%
mind
74%
Never
74%
never
74%
try
74%
do
73%
made
73%
Now
73%
once
73%
With
71%
with
71%
cars
70%
clothes
70%
where
70%
inside
69%
move
68%
room
68%
their
68%
boys
67%
calling
67%
expensive
67%
go
67%
trying
67%
Jaguars
66%
want
66%
kingdom
64%
this
64%
let
63%
Range
63%
rule
63%
night
62%
Rovers
61%
end
58%
I'll
58%
quite
57%
took
56%
beer
55%
broken
55%
crush
55%
endings?
55%
girl
55%
bones
54%
cups
54%
plastic
54%
roof
54%
school
54%
Drinking
53%
mending
53%
Motown
52%
fancy
51%
out
51%
we're
51%
Cause
46%
love
46%
Say
45%
spending
45%
nights
44%
not
44%
stuff
44%
whoa
44%
enough
43%
these
43%
Late
42%
asleep
40%
city's
39%
dying
39%
idea
39%
keep
39%
luxury
39%
lips
38%
secret
38%
Change
37%
taste
37%
hoping
36%
dreaming
35%
priorities
34%
prove
10%
No matching quizzes found
Score Distribution
Percent of People with Each Score
Percentile by Number Answered
Your Score History
You have not taken this quiz